Chile 2013: supervolební rok
Na jeseň minulého roku v Čile prebiehali voľby na niekoľkých úrovniach. Okrem voľby nového prezidenta prebehli paralelne voľby do poslaneckej snemovne, časti senátu a do regionálnych rád. Pozornosť médií pútal najmä súboj dvoch hlavných kandidátok na post prezidenta - Michelle Bachelet a Evelyn Matt...
Salvato in:
| Autore principale: | |
|---|---|
| Natura: | Capitolo di libro |
| Lingua: | ceco |
| Soggetti: | |
| Tags: |
Nessun Tag, puoi essere il primo ad aggiungerne!!
|
MARC
| LEADER | 00000nla a2200000 4500 | ||
|---|---|---|---|
| 001 | 0183061 | ||
| 005 | 20240209091324.2 | ||
| 041 | 0 | |a cze | |
| 044 | |a CZ | ||
| 245 | 1 | 0 | |a Chile 2013: supervolební rok |c Marie Beranová |
| 520 | |a Na jeseň minulého roku v Čile prebiehali voľby na niekoľkých úrovniach. Okrem voľby nového prezidenta prebehli paralelne voľby do poslaneckej snemovne, časti senátu a do regionálnych rád. Pozornosť médií pútal najmä súboj dvoch hlavných kandidátok na post prezidenta - Michelle Bachelet a Evelyn Matthei. | ||
| 610 | 2 | 0 | |a voľby |
| 610 | 2 | 0 | |a parlamenty |
| 610 | 2 | 0 | |a prezidenti |
| 610 | 2 | 0 | |a strany politické |
| 610 | 2 | 0 | |a strany vládne |
| 610 | 2 | 0 | |a Čile |
| 100 | 1 | |a Beranová, Marie | |